000 00462nam a2200169Ia 4500
003 GCL
008 140319s9999 xx 000 0 eng d
040 _aGCL /
_cGCL
082 0 4 _a944.5
_bM V
100 1 _aMALRAUX, ANDRE
245 1 0 _aVIE DE NAPOLEON PAR LUI MEME /
_cMALRAUX, ANDRE
260 _a[S.N] :
_bGALLIMARD ،
_c1991
300 _a410 P
650 0 4 _aFRANCE - HISTORY
650 0 4 _aNAPOLEON 1, EMPORER OF THE FRANCE, 1769 - 1821
942 _2ddc
_cBK
999 _c21468
_d21468